<?xml version="1.0" encoding="UTF-8"?>
<marc:record xmlns:marc="http://www.loc.gov/MARC21/slim">
   <marc:leader>00000nam a2200000 a 4500</marc:leader>
   <marc:datafield ind1=" " ind2=" " tag="653">
      <marc:subfield code="a">Familie</marc:subfield>
   </marc:datafield>
   <marc:datafield ind1=" " ind2=" " tag="653">
      <marc:subfield code="a">Zukunftsperspektiven</marc:subfield>
   </marc:datafield>
   <marc:datafield ind1=" " ind2=" " tag="653">
      <marc:subfield code="a">Elternschaft</marc:subfield>
   </marc:datafield>
   <marc:datafield ind1="0" ind2="0" tag="245">
      <marc:subfield code="a">Familie ist Zukunft - oder: Zukunft ohne Familie?</marc:subfield>
   </marc:datafield>
   <marc:datafield ind1="0" ind2="0" tag="245">
      <marc:subfield code="b">8. Workshop des BHW Forum: 20.10.-22.10.1989</marc:subfield>
   </marc:datafield>
   <marc:datafield ind1=" " ind2="1" tag="264">
      <marc:subfield code="a">Hameln</marc:subfield>
      <marc:subfield code="b">BHW Forum</marc:subfield>
      <marc:subfield code="c">1990</marc:subfield>
   </marc:datafield>
   <marc:datafield ind1="1" ind2=" " tag="520">
      <marc:subfield code="a">PZ 2/90 (WWT)Wissenschaftler und Politiker, Journalisten und Juristen, Vertreter von Verbänden und Selbsthilfegruppen analysierten die Rahmenbedingungen für Familien in der bundesdeutschen Gesellschaft, skizzierten notwendige familienpolitische Maßnahmen und beleuchteten mögliche Perspektiven des Familienbegriffs der Zukunft. Die drei Hauptreferate beschäftigten sich mit Themen wie "Partnerschaftswahn" als Ausdruck geschlechtsspezifischer Arbeitsteilung, der Zukunft der leiblichen Elternschaft in Folge der biotechnologischen Entwicklung und der Familienstruktur im interkulturellen Vergleich am Beispiel der Türkei.</marc:subfield>
   </marc:datafield>
   <marc:datafield ind1="0" ind2=" " tag="490">
      <marc:subfield code="v">0</marc:subfield>
   </marc:datafield>
   <marc:datafield ind1=" " ind2=" " tag="300">
      <marc:subfield code="a">163 S.</marc:subfield>
   </marc:datafield>
</marc:record>
